| 000 | 01052nam a2200265 a 4500 | ||
|---|---|---|---|
| 001 | 000018506 | ||
| 005 | 20240314200928.0 | ||
| 008 | 100511s2010 dr a 001 0 spa d | ||
| 020 | _a9789945873009 | ||
| 040 |
_aDO-SdBNP _bspa _cBNPHU |
||
| 082 |
_a346.043 _bF825c |
||
| 100 | 1 |
_aFranco Guzmán, Rafael _940027 |
|
| 245 | 1 | 0 |
_aCondominios del siglo XXI / _cRafael Franco Guzmán; prólogo Wilson Gómez Ramírez. |
| 260 |
_aSanto Domingo : _bCorripio, _c2010. |
||
| 300 |
_a648 p. : _bil. ; _c23 cm. |
||
| 500 | _aIncluye datos biográficos del autor en la solapa de la cubierta | ||
| 504 | _aBibliografía: p. 647-648 | ||
| 590 | _aLa biblioteca posee 3 ejemplares autografiados por el autor | ||
| 590 | _aInventariado, 2019/MFF | ||
| 650 | 4 |
_aCondominio _xLegislación _ySiglo XXI _940028 |
|
| 650 | 4 |
_aRegistro de la propiedad _zRepública Dominicana _98463 |
|
| 650 | 4 |
_aTenencia de tierra _xLegislación _zRepública Dominicana _914598 |
|
| 700 | 1 |
_aGómez Ramírez, Wilson S _d1953- _epról. _946083 |
|
| 910 | _aValidao. Control de calidad MFF | ||
| 999 |
_c18026 _d18026 |
||